Statystyki dla Ludzie quiz #2 - Znani sportowcy

Kliknij tutaj aby rozwiązać quiz!

Ogólne statystyki

  • Ten quiz został rozwiązany 101 razy
  • Średni wynik to 12 z 16

Statystyki odpowiedzi

Odpowiedź% Poprawnych
Adam Małysz
99%
Cristiano Ronaldo
99%
Iga Świątek
97%
Usain Bolt
91%
Kaka
86%
Justyna Kowalczyk
80%
Serena Williams
76%
Lewis Hamilton
74%
Roger Federer
73%
Muhammad Ali
71%
Tomasz Adamek
68%
Conor McGregor
65%
Karol Kłos
62%
Tiger Woods
58%
Stephen Curry
57%
Fernando Alonso
56%

Rozkład punktacji

Percentyl według liczby udzielonych odpowiedzi

Procent ludzi z każdym wynikiem

Twoja historia wyników

Nie rozwiązałeś tego quizu